Advanced Analytics with Power BI and Excel: Learn Powerful Visualization and Data Analysis Techniques Using Microsoft BI (Record no. 41921)
[ view plain ]
| 000 -LEADER | |
|---|---|
| fixed length control field | 00399nam a2200121Ia 4500 |
| 008 - FIXED-LENGTH DATA ELEMENTS--GENERAL INFORMATION | |
| fixed length control field | 241015s9999 xx 000 0 und d |
| 041 ## - LANGUAGE CODE | |
| Language code of text/sound track or separate title | eng |
| 082 ## - DEWEY DECIMAL CLASSIFICATION NUMBER | |
| Classification number | 005.54 SAR |
| 100 ## - MAIN ENTRY--PERSONAL NAME | |
| Personal name | Sarka, Dejan |
| 245 ## - TITLE STATEMENT | |
| Title | Advanced Analytics with Power BI and Excel: Learn Powerful Visualization and Data Analysis Techniques Using Microsoft BI |
| 260 ## - PUBLICATION, DISTRIBUTION, ETC. | |
| Name of publisher, distributor, etc. | Orangeava.Com |
| Place of publication, distribution, etc. | New Dehli |
| Date of publication, distribution, etc. | 2023 |
| 300 ## - PHYSICAL DESCRIPTION | |
| Extent | 329;. P. 23 cm |
No items available.